000 00859nam a2200265Ia 4500
003 OSt
005 20221005022524.0
006 a|||||r|||| 00| 0
007 ta
008 221004b |||||||| |||| 00| 0 eng d
020 _c1200
024 _a83514
037 _b106594/A, 30/03/2005, Munshiram manoharlal Publishers Pvt Ltd
_cTextual
040 _aCRL
_cCRL
_beng
041 _2eng
_aeng
082 _aV2.C, P2
100 _aMisra V. D. Ed.
_9578182
245 0 _aMesolithic India edited by V. D. Misra and J. N. Pal
260 _aAllahabad
_bUniversity of Allahabad India
_c2002
300 _a549p.
_ccm.
650 _aINDIA - HISTORY
700 _a Pal J. N. Ed.
_9578183
942 _hV2.C, P2
_cTEXL
_2cc
999 _c929547
_d929547